Charlotte's web / (Registro nro. 9301)

Detalles MARC
000 -LIDER
fixed length control field 00600nam a22002177a 4500
001 - NÚMERO DE CONTROL
Identificador de número de control 240023
003 - IDENTIFICACDOR DE NÚMERO DE CONTROL
control field DO-SdBNP
005 - DATE AND TIME OF LATEST TRANSACTION
control field 20180205100305.0
007 - CAMPOS FIJOS DE DESCRIPCIÓN FÍSICA
fixed length control field 240023
008 - ELEMENTOS DE LONGITUD FIJA
fixed length control field 160318b 1952 nyu xxu||||| |||| 00| 0 spa d
020 ## - ISBN
International Standard Book Number 0-590-30271-X
040 ## - FUENTE DE CATALOGACIÓN
Agencia que crea de manera original el registro BPMSU
Idioma de catalogación spa
Agencia que realiza la transcripción BPMSU
100 1# - ASIENTO PRINCIPAL -- NOMBRE PERSONAL
Nombre personal White, E. B.
245 10 - MENCIÓN DE TITULO
Título Charlotte's web /
Mención de responsabilidad E. B. White ; ilustración Garth Williams.
260 ## - PUBLICACIÓN, DISTRIBUCIÓN, ETC. (PIE DE IMPRENTA)
Lugar de publicación, distribución, etc New York, NY :
Nombre del editor, distribuidor, etc. Scholastic,
Fecha de publicación, distribución, etc 1952.
300 ## - DESCRIPCIÓN FÍSICA
Extensión 184 p. :
Otros detalles físicos il. ;
Dimensiones 20 cm.
700 12 - ASIENTO SECUNDARIO -- NOMBRE PERSONAL
Nombre personal Williams, Garth,
Mención de responsabilidad il.
942 ## - ADDED ENTRY ELEMENTS (KOHA)
Source of classification or shelving scheme Dewey Decimal Classification
Koha item type Libros
945 ## - INFORMACIÓN DE PROCESAMIENTO LOCAL
Información de procesamiento local Inventariado, 2018/MFF
956 ## - LOCAL ELECTRONIC LOCATION AND ACCESS (OCLC)
Método de acceso LOPEREZ
Materiales especificados 10
Existencias
Withdrawn status Lost status Source of classification or shelving scheme Damaged status Not for loan Collection code Home library Current library Date acquired Source of acquisition Total Checkouts Barcode Date last seen Price effective from Koha item type
    Dewey Decimal Classification     Colección Infantil General Biblioteca Pública Metropolitana Salomé Ureña Biblioteca Pública Metropolitana Salomé Ureña 03/18/2016 FUNDI   BPMSU16030181 03/18/2016 03/18/2016 Libros